000 01163nam a2200265 i 4500
001 184764
003 ES-MaACL
005 20240507101530.0
008 151204s2009 sp m |||| |bspa d
080 _a821.134.2 Andújar, Manuel(043.2)
100 1 _aReinoso Pérez, Francisco Javier.
_9158297
245 1 0 _aNarratividad y exilio
_b: (las novelas y cuentos de Manuel Andújar) /
_cFrancisco Javier Reinoso Pérez ; director, Enrique Baena Peña.
260 _aMálaga :
_bF.J. Reinoso Pérez :
_bUniversidad de Málaga,
_c2009.
300 _a543 p. ;
_c30 x 22 cm.
502 _aTesis-Universidad de Málaga. Facultad de Filosofía y Letras, 2009.
504 _aBibliografía: p. 526-543.
600 1 7 _aAndújar, Manuel,
_d1913-1994
_2
_9158299
700 1 _aBaena, Enrique.
_924583
710 2 _aUniversidad de Málaga.
_bFacultad de Filosofía y Letras.
_9158298
740 4 2 _aLas novelas y cuentos de Manuel Andújar.
852 _aES-MaACL
_jA-13447
_9191777
_bR.150757
_cDEPO1
_dOlim: N-6447
_hDonación: Francisco Javier Reinoso
903 _9158297
_aReinoso Pérez, Francisco Javier
_ednr
942 _2udc
_cMONOGRAFIA
999 _c184764
_d184764